zpět

Detail výsledku týmu

Mustankovna Znojmo, Znojmo

Datum a čas kvízu

29 Celkem bodů Celkový počet nahraných bodů na tomto kvízu bez doplňovacích otázek.
3. Pořadí na kvízu Konečné umístění týmu na tomto kvízu.

Zaznamenané odpovědi

# Otázka Odpověď Body Výsledky
1. Více než dvacet tisíc Čechů se... Black Hawk (UH-60), Čestmír 1
2. Jak se nazývá malá africká zem... Lesotho 1
3. V úterý měl na Netflixu premié... Meghan (Markle) 1
4. Minulý týden se ve Španělsku k... Barcelona 1
5. Aukční síň Sotheby’s minulý tý... Michael Jordan, Kobe Bryant 1
6. V roce 1978 zakoupila jistá me... Greenpeace 0
7. Na fotce je německá bitevní lo... Bismarck 1
8. Loď Beagle na své druhé plavbě... Charles Darwin 1
9. Válečná loď Vasa ujela celkem... ve Stockholmu 0
10. Která z těchto slavných lodí b... C 0